[Event "Caorle op-B"]
[Site "Caorle"]
[Date "1991.07.12"]
[Round "7.37"]
[White "Guido, Giuseppe"]
[Black "Giangregorio, Pasquale"]
[Result "1-0"]
[WhiteElo "1736"]
[BlackElo "1872"]
[PlyCount "81"]
[EventDate "1991.07.05"]
[EventType "swiss"]
[EventRounds "8"]
[EventCountry "ITA"]
[SourceTitle "EXT 2023"]
[Source "ChessBase"]
[SourceDate "2022.10.05"]
[SourceVersion "1"]
[SourceVersionDate "2022.10.05"]
[SourceQuality "1"]

1. e4 c6 2. d4 d5 3. Nc3 dxe4 4. Nxe4 Bf5 5. Ng3 Bg6 6. h4 h6 7. Nf3 Nd7 8. h5 Bh7 9. Bd3 Bxd3 10. Qxd3 Qc7 11. Bd2 e6 12. Qe2 Bd6 13. Nf5 Bf8 14. g3 0-0-0 15. Ne3 Ngf6 16. Rh4 Nd5 17. 0-0-0 Be7 18. Rg4 Rhg8 19. Nc4 N7f6 20. Rh4 Nd7 21. Rhh1 Bb4 22. c3 Be7 23. Nfe5 Nxe5 24. Nxe5 Bd6 25. f4 Kb8 26. Kb1 Ka8 27. g4 f6 28. Nc4 Nxf4 29. Bxf4 Bxf4 30. Qxe6 Rge8 31. Qf5 Bg5 32. Rhe1 b5 33. Na3 Re7 34. Qf3 Kb8 35. Rxe7 Qxe7 36. Qxc6 Rd6 37. Qf3 b4 38. Nc4 Re6 39. d5 Re1 40. Qg3+ Bf4 41. Qxe1 1-0

[Event "Caorle op-B"]
[Site "Caorle"]
[Date "1991.07.09"]
[Round "4.46"]
[White "Rossi, Gianni"]
[Black "Guido, Giuseppe"]
[Result "1-0"]
[WhiteElo "1848"]
[BlackElo "1736"]
[PlyCount "121"]
[EventDate "1991.07.05"]
[EventType "swiss"]
[EventRounds "8"]
[EventCountry "ITA"]
[SourceTitle "EXT 2023"]
[Source "ChessBase"]
[SourceDate "2022.10.05"]
[SourceVersion "1"]
[SourceVersionDate "2022.10.05"]
[SourceQuality "1"]

1. Nf3 c5 2. g3 Nc6 3. Bg2 g6 4. 0-0 Bg7 5. d3 d6 6. e4 e5 7. Nbd2 Nge7 8. c3 0-0 9. a4 f5 10. b4 cxb4 11. cxb4 Be6 12. Ng5 Qd7 13. Nxe6 Qxe6 14. Nf3 h6 15. b5 Na5 16. Rb1 Rac8 17. Bd2 b6 18. Bxa5 bxa5 19. Qd2 fxe4 20. dxe4 Rc4 21. Qa2 Qf7 22. Rfd1 Nc8 23. Rbc1 Rxe4 24. Qxf7+ Kxf7 25. Ng5+ hxg5 26. Bxe4 Rd8 27. Rc7+ Kf6 28. Rdc1 Nb6 29. Rxa7 Nxa4 30. Rcc7 Bf8 31. Bd5 g4 32. Rf7+ Kg5 33. Rxa5 Nb6 34. h4+ gxh3 35. Be6 d5 36. Kh2 Bc5 37. Kxh3 Bd4 38. f4+ exf4 39. gxf4+ Kh6 40. Raa7 g5 41. Rh7+ Kg6 42. f5+ Kf6 43. Ra2 Nc4 44. Re2 Ne3 45. Rh6+ Ke5 46. Kg3 Ra8 47. Bd7 Ke4 48. b6 Kd3 49. Bb5+ Nc4 50. b7 Rb8 51. Re7 Kc3 52. Rc6 Kb4 53. Bxc4 dxc4 54. Rc8 Ba7 55. f6 c3 56. f7 Bc5 57. f8Q c2 58. Re4+ Kb3 59. Qxc5 Rxb7 60. Qc3+ Ka2 61. Ra4+ 1-0

[Event "Secondario 15th"]
[Site "Caorle"]
[Date "1990.07.14"]
[Round "8.50"]
[White "Guido, Giuseppe"]
[Black "Garozzo, Bruno"]
[Result "1-0"]
[WhiteElo "1740"]
[BlackElo "1800"]
[PlyCount "49"]
[EventDate "1990.07.07"]
[EventType "swiss"]
[EventRounds "8"]
[EventCountry "ITA"]
[SourceTitle "EXT 2023"]
[Source "ChessBase"]
[SourceDate "2022.10.05"]
[SourceVersion "1"]
[SourceVersionDate "2022.10.05"]
[SourceQuality "1"]

1. e4 e6 2. d4 d5 3. e5 c5 4. c3 Nc6 5. Nf3 cxd4 6. cxd4 Nge7 7. Bd3 Nf5 8. Bxf5 exf5 9. Nc3 Be7 10. 0-0 0-0 11. Qb3 Bb4 12. Qxd5 Bxc3 13. Qxd8 Rxd8 14. bxc3 Be6 15. Bg5 Rd7 16. Rfd1 h6 17. Be3 g5 18. g3 Bd5 19. Nd2 Kh7 20. c4 f4 21. gxf4 gxf4 22. Bxf4 Rg8+ 23. Bg3 Be6 24. d5 Bg4 25. dxc6 1-0

[Event "Secondario 15th"]
[Site "Caorle"]
[Date "1990.07.13"]
[Round "7.48"]
[White "Guido, Giuseppe"]
[Black "Ventura, Paolo"]
[Result "0-1"]
[WhiteElo "1740"]
[BlackElo "1800"]
[PlyCount "135"]
[EventDate "1990.07.07"]
[EventType "swiss"]
[EventRounds "8"]
[EventCountry "ITA"]
[SourceTitle "EXT 2023"]
[Source "ChessBase"]
[SourceDate "2022.10.05"]
[SourceVersion "1"]
[SourceVersionDate "2022.10.05"]
[SourceQuality "1"]

1. e4 c5 2. Nf3 e6 3. Nc3 Nc6 4. d4 cxd4 5. Nxd4 a6 6. Bf4 Qf6 7. Nde2 Bb4 8. Bd6 Bxd6 9. Qxd6 Qe5 10. 0-0-0 Nf6 11. f4 Qxd6 12. Rxd6 b5 13. e5 b4 14. exf6 bxc3 15. fxg7 cxb2+ 16. Kxb2 Rg8 17. g3 Rb8+ 18. Ka1 Ke7 19. Rd2 Na5 20. Nd4 Rxg7 21. Bd3 d5 22. Re1 Kd6 23. Nf3 Nc6 24. a3 h6 25. Rde2 f6 26. Rb1 Rxb1+ 27. Kxb1 e5 28. fxe5+ fxe5 29. Nh4 e4 30. Bxe4 dxe4 31. Rxe4 Rf7 32. Re8 Bd7 33. Rg8 Ne5 34. Ra8 Bb5 35. a4 Be2 36. Rd8+ Ke7 37. Rd5 Ke6 38. Rd8 h5 39. Ng2 Ke7 40. Rd5 Rf1+ 41. Kb2 Nc4+ 42. Kc3 Ke6 43. Rd8 Ke7 44. Rh8 Nb6 45. Kd2 Bf3 46. Rh7+ Kd8 47. Nf4 Nxa4 48. Ke3 Bg4 49. Nxh5 Re1+ 50. Kd4 Re2 51. Nf6 Bf5 52. Ra7 Bxc2 53. Rxa6 Rxh2 54. Ra7 Nb6 55. Kc5 Rh6 56. Rf7 Rxf6 57. Rg7 Nd7+ 58. Kd4 Bg6 59. Rg8+ Nf8 60. Ke5 Rf7 61. g4 Ke7 62. Rh8 Bh7 63. Kd5 Kf6 64. g5+ Kf5 65. Kd6 Kg6 66. Ke5 Kg7 67. Kd6 Kxh8 68. Kd5 0-1

[Event "Secondario 15th"]
[Site "Caorle"]
[Date "1990.07.10"]
[Round "4.49"]
[White "Farina, Saverio"]
[Black "Guido, Giuseppe"]
[Result "1-0"]
[WhiteElo "1868"]
[BlackElo "1740"]
[PlyCount "77"]
[EventDate "1990.07.07"]
[EventType "swiss"]
[EventRounds "8"]
[EventCountry "ITA"]
[SourceTitle "EXT 2023"]
[Source "ChessBase"]
[SourceDate "2022.10.05"]
[SourceVersion "1"]
[SourceVersionDate "2022.10.05"]
[SourceQuality "1"]

1. d4 d5 2. c4 dxc4 3. e4 e5 4. Nf3 exd4 5. Qxd4 Qxd4 6. Nxd4 Bc5 7. Be3 Nf6 8. Nc3 Ng4 9. Nd5 Nxe3 10. fxe3 Bb6 11. Bxc4 0-0 12. Ne7+ Kh8 13. Nxc8 Rxc8 14. Bxf7 Na6 15. e5 c6 16. e6 Nb4 17. Ke2 Nd5 18. Rhf1 g6 19. h4 Kg7 20. h5 Rh8 21. g4 Ne7 22. g5 Rhd8 23. Bxg6 Nxg6 24. Rf7+ Kg8 25. hxg6 hxg6 26. Raf1 Re8 27. R1f6 Bxd4 28. Rxg6+ Kh8 29. exd4 Rad8 30. e7 b6 31. Rgg7 Rxe7+ 32. Rxe7 Rxd4 33. Rxa7 b5 34. g6 Rd8 35. Rh7+ Kg8 36. Rag7+ Kf8 37. Rh8+ Kxg7 38. Rxd8 c5 39. Rd5 1-0